| 000 | 00645nam a2200193Ia 4500 | ||
|---|---|---|---|
| 008 | 240729s9999 xx 000 0 und d | ||
| 022 | _a2636-0012 | ||
| 245 | 0 | _aInternational Journal of Gastrointestinal Intervention | |
| 260 | _aKorea, Republic of | ||
| 260 | _bSociety of Gastrointestinal Intervention | ||
| 650 | _a Internal medicine | ||
| 650 | _a Internal medicine | ||
| 650 | _a Neoplasms. Tumors. Oncology. Including cancer and carcinogens | ||
| 650 | _a Specialties of internal medicine | Medicine | ||
| 650 | _aMedicine | ||
| 856 | _uhttps://doaj.org/toc/997766635616426987bcd13959e0aedb | ||
| 942 | _2ddc | ||
| 942 | _cDOAJEJ | ||
| 999 |
_c70608 _d70608 |
||
| 945 |
_a1 _bMadushi Gamage _c1 _dMadushi Gamage |
||